| 000 | 005790000a22001930004500 | ||
|---|---|---|---|
| 001 | 002606 | ||
| 003 | MACL | ||
| 005 | 20150913125534.0 | ||
| 008 | 150913b xxu||||| |||| 00| 0 eng d | ||
| 040 |
_aMACL _cMACL |
||
| 041 | _aEnglish | ||
| 082 | _a823/BHA | ||
| 100 |
_aBhattacharya, Krishnapriya _91267 |
||
| 245 |
_aRajbanshi & Dhimal Struggle Stories _bContemporary Socio-Economics Survey of Two Indigenous Communities of North Bengal _cKrishnapriya Bhattacharya |
||
| 260 |
_aKolkata _c2005 _bPapyrus, |
||
| 350 | _a100 | ||
| 650 |
_aFiction _910627 |
||
| 942 |
_k823 _cBK _2ddc |
||
| 999 |
_c14515 _d14515 |
||